[Event "Portugal Open 2020"]
[Site "Lisbon"]
[Date "2020.01.31"]
[Round "8.16"]
[White "Bayramov, Zaur"]
[Black "Plichta, Kamil"]
[Result "0-1"]
[WhiteElo "2333"]
[BlackElo "2353"]
[Annotator "TA"]
[PlyCount "78"]
[EventDate "2020.01.25"]
[EventType "swiss"]
[EventCountry "POR"]
[SourceTitle "playchess.com"]
[Source "ChessBase"]
[SourceQuality "1"]

{[%evp 12,78,22,11,26,-42,-11,-11,-25,-3,0,0,0,0,2,-72,-66,-66,-45,-62,-60,-85,-86,-88,-88,-95,-83,-95,-95,-120,-84,-75,-77,-83,-80,-77,-77,-77,-77,-88,-88,-175,-175,-125,-143,-212,-160,-260,-263,-256,-256,-233,-212,-220,-212,-276,-286,-474,-474,-817,-539,-29993,-29994,-29994,-29995,-29995,-29996,-29998,-29999]} 1. d4 Nf6 2. Nf3 g6 3. Bg5 Bg7 4. Nbd2 O-O 5. e4 d5 6. exd5 Nxd5 7. c3 h6 {A48: 1 d4 Nf6 2 Nf3 g6: Torre, London and Colle Systems} 8. Be3 ({Better is} 8. Bh4 $1 $11) 8... Nxe3 9. fxe3 e5 {The position is equal.} 10. Bc4 exd4 11. exd4 c5 12. dxc5 Re8+ {[#]} 13. Kf1 $146 (13. Kf2 $1 $11) ({Predecessor:} 13. Kf2 Qe7 14. Re1 Qxc5+ 15. Kf1 Rxe1+ 16. Qxe1 Bd7 17. Qf2 Qxf2+ 18. Kxf2 Nc6 19. Ne4 {1-0 (33) Moldovan,D (2432)-Moraru,M (2297) Baile Tusnad 2001}) 13... Qc7 $36 {[%mdl 3072] Black has strong compensation. White is under pressure.} 14. Nb3 $1 Qf4 15. Bb5 $1 {[%cal Rb5e8]} Nc6 16. Qd6 Be5 17. Qd2 Qf6 $1 18. Re1 Bg4 19. Bxc6 bxc6 20. Qe3 Re6 {Threatens to win with ...Rd8.} 21. Nbd4 Bxd4 22. Qxd4 Rxe1+ 23. Kxe1 Qe6+ $1 24. Kf2 {[#]} Bxf3 $1 ({Wrong is} 24... Re8 $2 25. Re1 $18) 25. gxf3 Qxa2 $17 {[%mdl 4096] Endgame KQR-KQR} 26. Re1 (26. c4 $17) 26... Qxb2+ $19 27. Re2 Qb8 28. Kg2 (28. Qd6 $17 {is a better defense.}) 28... Qd8 29. Ra2 (29. Qd6 $17 {keeps fighting.}) 29... Qg5+ 30. Kf2 a5 {[%cal Ba7a5,Ba5a4][%mdl 32]} 31. h4 Qe7 32. Re2 {[#]} Qd8 $1 33. Qf4 a4 34. Rd2 $2 (34. h5 Qg5 35. Qxg5 hxg5 36. hxg6) 34... Qe7 35. Rd6 (35. Qb4 $142) 35... Re8 {( -> ...Qe1+)} 36. Qxh6 Qe1+ {[%mdl 64] Double Attack. Black mates.} 37. Kg2 Re2+ 38. Kh3 Qh1+ {[%mdl 64] Double Attack} 39. Kg3 Qh2+ {Accuracy: White = 46%, Black = 86%.} 0-1

[Event "Portugal Open 2020"]
[Site "Lisbon"]
[Date "2020.01.31"]
[Round "8.17"]
[White "Palozza, Christian"]
[Black "Spraggett, Kevin"]
[Result "0-1"]
[WhiteElo "2198"]
[BlackElo "2501"]
[Annotator "TA"]
[PlyCount "86"]
[EventDate "2020.01.25"]
[EventType "swiss"]
[EventCountry "POR"]
[SourceTitle "playchess.com"]
[Source "ChessBase"]
[SourceQuality "1"]

{[%evp 20,86,51,52,75,75,98,101,95,79,95,72,89,83,87,56,61,54,62,-38,-38,-224,-207,-342,-327,-333,-335,-308,-79,-85,-66,-74,0,0,0,-100,-104,-101,-103,-113,-107,-154,-155,-151,-110,-154,-149,-144,-148,-246,-244,-246,-239,-238,-226,-242,-241,-237,-225,-281,-262,-597,-582,-812,-769,-798,-798,-781,-781]} 1. d4 Nf6 2. c4 d6 3. Nf3 Nbd7 4. g3 g6 5. Bg2 Bg7 6. O-O O-O 7. Nc3 e5 8. e4 c6 9. h3 exd4 10. Nxd4 Qb6 11. Nde2 Ne8 {E69: King's Indian: Fianchetto: 6...Nbd7 7 0-0 e5 8 e4 c6 9 h3} 12. b3 {[#]} a6 $146 ({Predecessor:} 12... Nc5 13. Be3 f5 14. exf5 Bxf5 15. Nd4 Bd7 16. Qd2 Rd8 17. Rad1 Qa5 18. Rfe1 Ne6 19. Re2 Nxd4 20. Bxd4 Bxd4 21. Qxd4 {0-1 (58) Schlosser,P (2599)-Baryshpolets,A (2474) Pardubice 2011}) 13. Be3 Qa5 {White is better.} 14. Bd4 Nef6 15. Rc1 Rd8 16. Be3 Nc5 17. Rb1 {[#] Hoping for b4.} Qc7 18. b4 Ncd7 19. f4 ({White should play} 19. Qc2 $14) 19... Nb6 $15 20. Qd4 $2 (20. Qb3 $15 Be6 21. Bxb6 Qxb6+ 22. Kh1) 20... Nfd5 $1 $19 21. Nxd5 (21. cxd5 $142 Bxd4 22. Bxd4) 21... Bxd4 22. Nxc7 Bxe3+ 23. Kh2 Rb8 $2 (23... Ra7 $19 24. c5 dxc5) 24. b5 $17 Bc5 ({But not} 24... Nxc4 $6 25. bxc6 Nd2 26. Nd5 $11) 25. Rfd1 Rd7 ({Stronger than} 25... Nxc4 26. bxc6 b5 27. Nc3 $16) (25... axb5 $17 26. cxb5 Na8 27. Nxa8 Rxa8) 26. Ne8 $11 {aiming for bxc6.} Rd8 27. Nf6+ (27. Nc7 $1 $11 {was the only way to keep the balance.}) 27... Kg7 $17 28. bxc6 bxc6 29. e5 Bf5 $36 {[%mdl 2048] Keeping White busy.} 30. Be4 dxe5 31. fxe5 Be6 32. Bxc6 Rxd1 33. Rxd1 Nxc4 34. Ne4 (34. Nf4 $17 {was called for.} Bf5 35. Ne4 Rb2+ 36. Kh1 Nxe5 37. Nxc5 Nxc6 38. a4) 34... Rb2 $19 35. Nxc5 Rxe2+ 36. Kh1 Bxh3 37. Nxa6 Nxe5 38. Bd5 Be6 {[#] ( -> ...Bxd5+)} 39. Bg2 Rxa2 40. Nc5 $2 (40. Nc7 {nothing else works.}) 40... Bg4 {Black is clearly winning.} 41. Re1 Bf3 42. Rxe5 Rxg2 43. Re3 Bc6 {Accuracy: White = 43%, Black = 81%.} 0-1

[Event "Portugal Open 2020"]
[Site "Lisbon"]
[Date "2020.01.31"]
[Round "8.18"]
[White "Savanovic, Aleksandar"]
[Black "Hill, Alistair"]
[Result "1-0"]
[WhiteElo "2414"]
[BlackElo "2217"]
[Annotator "TA"]
[PlyCount "79"]
[EventDate "2020.01.25"]
[EventType "swiss"]
[EventCountry "POR"]
[SourceTitle "playchess.com"]
[Source "ChessBase"]
[SourceQuality "1"]

{[%evp 28,79,0,0,37,27,47,43,44,42,43,47,47,42,56,51,52,42,52,52,70,76,76,72,72,64,91,78,78,78,78,78,78,78,91,63,72,52,65,65,104,89,172,126,126,126,126,115,126,113,1127,1102,1091,1080]} 1. e4 c5 2. Nf3 Nc6 3. d4 cxd4 4. Nxd4 Nf6 5. Nc3 e5 6. Ndb5 d6 7. Bg5 a6 8. Na3 b5 9. Nd5 Be7 10. Bxf6 Bxf6 11. c3 Bg5 12. Nc2 Rb8 13. Be2 O-O 14. O-O Be6 15. Qd3 Ne7 {B33: Sicilian: Pelikan and Sveshnikov Variations} 16. Ncb4 Bxd5 17. Nxd5 Nxd5 {White is slightly better.} 18. Qxd5 Qc7 19. Rfd1 Rb6 {[#]} 20. g3 $146 ({Predecessor:} 20. Rd3 Qc6 21. Qxc6 Rxc6 22. a4 bxa4 23. Rxa4 Rb8 24. b4 {½-½ (24) Moeller,R-Kuelkens,U DESC email 2004}) 20... Rfb8 21. Qd3 g6 22. Qf3 Rc6 23. Kg2 b4 24. cxb4 Rxb4 25. b3 Bd8 26. Bc4 Qe7 27. Rac1 Kg7 28. Rc3 a5 29. Qe2 Rb8 30. Rf3 f6 31. Qd2 Bc7 32. a4 Rc5 33. g4 $36 {[%mdl 2048] White has some pressure.} h6 34. h4 Rh8 (34... Qd7 $16) 35. h5 g5 36. Rd3 Rb8 37. Kg3 Qe8 38. Qe3 Rb4 $2 {[%mdl 8192] [#]} (38... Qe7 $16) 39. Qxc5 $3 $18 {[%mdl 512]} dxc5 40. Rd7+ {[%mdl 64] Double Attack. Accuracy: White = 92%, Black = 67%.} 1-0

[Event "Portugal Open 2020"]
[Site "Lisbon"]
[Date "2020.01.31"]
[Round "8.19"]
[White "Borges, Guilherme Deola"]
[Black "Alshameary Puente, Ismael"]
[Result "0-1"]
[WhiteElo "2134"]
[BlackElo "2385"]
[Annotator "TA"]
[PlyCount "62"]
[EventDate "2020.01.25"]
[EventType "swiss"]
[EventCountry "POR"]
[SourceTitle "playchess.com"]
[Source "ChessBase"]
[SourceQuality "1"]

{[%evp 17,62,43,46,39,43,51,51,49,58,48,56,49,58,0,79,90,84,86,109,90,113,94,206,164,163,-137,-156,-177,-144,-153,-193,-323,-291,-297,-289,-439,-432,-732,-745,-726,-478,-496,-486,-1137,-1130,-1056,-850]} 1. d4 Nf6 2. c4 c5 3. d5 b5 4. Qc2 bxc4 5. e4 d6 6. Bxc4 g6 7. Nf3 Bg7 8. h3 O-O 9. O-O Nbd7 10. Re1 {A57: Benko/Volga Gambit} Nb6 11. Bf1 Ne8 12. Nc3 {White is slightly better.} Nc7 13. Bf4 a5 14. Rad1 {[#]} a4 $146 ({Predecessor:} 14... Ba6 15. Bxa6 Rxa6 16. a4 Qd7 17. b3 Rb8 18. e5 Nc8 19. Nd2 Rb4 20. Nc4 Qf5 21. Qxf5 gxf5 22. exd6 Nxd6 23. Rxe7 Nxc4 24. bxc4 Bxc3 25. Rxc7 Rxc4 {1-0 (33) Roeder,M (2413)-Bellon Lopez,J (2446) Santa Clara 2000}) 15. e5 (15. Qc1 $14) 15... Bf5 (15... Bb7 $11) 16. Qc1 $16 Re8 17. Bh6 Bc8 18. Bxg7 Kxg7 19. Re4 h6 (19... Rh8 $16 {was necessary.}) 20. e6 $1 $18 (20. Rh4 $6 Rh8 $14) (20. exd6 exd6 21. Rxe8 Nxe8 $11) 20... fxe6 21. Rg4 $2 ({Reject} 21. Rh4 $6 Rh8 $11) (21. dxe6 $18 {aiming for Qe3.} Bxe6 22. Bd3) 21... exd5 $17 {[%mdl 64] Discovered Attack} 22. Rxg6+ Kxg6 23. Nh4+ Kg7 24. Qc2 {[#]} (24. Rd3 $142 Rh8 25. Qd1) 24... Rg8 $1 $19 {...Qe8 is the strong threat.} ({Wrong is} 24... Kh8 $2 {[#]} 25. Qg6 $1 $18 {[%mdl 512]}) 25. Qg6+ Kf8 26. Qxh6+ (26. Qh7 {only move.} d4 27. Be2) 26... Ke8 {Black is clearly winning.} 27. Nxd5 (27. Re1 $142) 27... Nbxd5 28. Rxd5 Ba6 29. Qh7 Kd7 ({Not} 29... Nxd5 30. Qxg8+ Kd7 31. Qxd5 $17) 30. Rxd6+ (30. Rd2 $142) 30... Kxd6 31. Nf5+ Ke5 {Accuracy: White = 76%, Black = 73%.} 0-1

[Event "Portugal Open 2020"]
[Site "Lisbon"]
[Date "2020.01.31"]
[Round "8.20"]
[White "Bashirli, Nail"]
[Black "Silich, Yahor"]
[Result "1-0"]
[WhiteElo "2379"]
[BlackElo "2158"]
[Annotator "TA"]
[PlyCount "91"]
[EventDate "2020.01.25"]
[EventType "swiss"]
[EventCountry "POR"]
[SourceTitle "playchess.com"]
[Source "ChessBase"]
[SourceQuality "1"]

{[%evp 23,91,52,54,44,41,46,50,41,39,41,40,11,45,43,48,46,44,40,74,76,101,108,79,62,111,105,106,111,105,101,123,114,132,70,107,49,49,46,62,0,0,0,117,105,466,462,529,518,1176,1135,1699,1649,1560,1300,1939,1877,1185,1141,29978,29979,29979,29980,29980,29981,29980,29981,29980,29981,29990,29991]} 1. e4 c5 2. Nf3 Nc6 3. d4 cxd4 4. Nxd4 g6 5. c4 Bg7 6. Be3 Nf6 7. Nc3 O-O 8. Be2 d6 9. O-O Bd7 10. Qd2 Nxd4 11. Bxd4 Bc6 12. f3 a5 13. Rfc1 {B38: Sicilian: Maroczy Bind with 5...Bg7 and 7...0-0} Nd7 14. Be3 Nc5 15. b3 {White is slightly better.} e6 16. Rc2 Be5 17. Bf1 {[#]} Qh4 $146 ({Predecessor:} 17... f5 18. exf5 gxf5 19. Bd4 Qh4 20. Bxe5 dxe5 21. Rd1 Rad8 22. Qe3 Rxd1 23. Nxd1 Qd4 {½-½ (38) Vlcek,S (2284)-Lenz,A (2126) Austria 2019}) 18. g3 Qe7 19. Re1 b6 20. Bg2 f5 21. exf5 gxf5 22. f4 Bxc3 23. Rxc3 Ne4 24. Bxe4 $1 Bxe4 25. Bxb6 Ra6 26. Bf2 Ba8 27. Kf1 Re8 28. Ke2 (28. h3 $16) 28... Qb7 29. Rg1 ({White should try} 29. a4 $16) 29... a4 $14 30. g4 {Threatens to win with gxf5+.} axb3 31. Rxb3 (31. axb3 $14 Qe4+ 32. Re3 Qxf4 33. gxf5+ Kf8 34. Rg8+ {[%mdl 64] Decoy} (34. fxe6 Rxe6 35. Rxe6 Qf3+ {[%mdl 64] Double Attack} 36. Kf1 Qh3+ 37. Ke2 Qf3+ 38. Kf1 Qh3+ 39. Ke2 Qf3+ $11) (34. Qb2 e5 $11) 34... Kxg8 35. Rg3+ {[%mdl 64] Discovered Attack} Qxg3 36. hxg3 exf5+ 37. Kd3) 31... Qe4+ $11 {[%mdl 64] Double Attack} 32. Kd1 Kf8 (32... Qxc4 $11 33. gxf5+ Kf7 34. fxe6+ Rxe6) 33. gxf5 $16 Qxf5 $2 {[%mdl 8192]} (33... Qxc4 $16 34. fxe6 Qd5) 34. Rg5 $18 Qf7 35. Bb6 Ke7 (35... Bf3+ $142 36. Kc1 Rxb6 37. Rxb6 Qf6) 36. c5 Bd5 37. cxd6+ Kd7 38. Rc3 {Intending Rc7+ and mate.} Bc6 {[#]} 39. Rxc6 $1 Kxc6 {[#]} 40. d7 $1 {[%mdl 512]} Rxb6 (40... Qxd7 41. Rc5+) 41. dxe8=Q+ {White mates.} Qxe8 {KQR-KQR} 42. Qc3+ Kb7 43. Rg7+ {[%mdl 64] Double Attack} Ka6 44. Qa3+ Kb5 45. Rg5+ Kc6 46. Qa4+ {Accuracy: White = 84%, Black = 45%.} 1-0

[Event "Portugal Open 2020"]
[Site "Lisbon"]
[Date "2020.01.31"]
[Round "8.21"]
[White "Gonzalez Trigal, Jose Luis"]
[Black "Tscharotschkin, Michael"]
[Result "1/2-1/2"]
[WhiteElo "2369"]
[BlackElo "2156"]
[Annotator "TA"]
[PlyCount "61"]
[EventDate "2020.01.25"]
[EventType "swiss"]
[EventCountry "POR"]
[SourceTitle "playchess.com"]
[Source "ChessBase"]
[SourceQuality "1"]

{[%evp 16,61,31,21,28,29,23,31,36,29,37,45,35,34,42,30,31,30,42,16,42,40,86,85,71,79,87,84,84,74,70,79,66,74,62,15,28,18,6,0,0,-25,0,-7,0,-14,0,-12]} 1. d4 d5 2. c4 e6 3. Nf3 c6 4. e3 f5 5. Bd3 Nf6 6. O-O Bd6 7. b3 Qe7 8. Bb2 O-O 9. Qc1 Bd7 {A84: Dutch Defence: 2 c4 Miscellaneous} 10. Ba3 Be8 11. Bxd6 Qxd6 {White is slightly better.} 12. Qa3 Qxa3 13. Nxa3 Ne4 14. Ne5 Nd7 15. Nxd7 Bxd7 16. f3 Nf6 {[#]} 17. Rfc1 $146 ({Predecessor:} 17. Nc2 g5 18. Rae1 Be8 19. cxd5 Nxd5 20. Bc4 Bg6 21. f4 h6 22. Bxd5 exd5 23. Nb4 {½-½ (42) Kuenstler,C (2066)-Dietze,S (2133) Bayern 2010}) 17... a5 18. c5 b5 19. cxb6 Rfb8 20. Nb1 a4 21. bxa4 Rxa4 22. Nc3 Ra3 23. Rab1 Bc8 24. Kf2 Nd7 25. Ke2 Rxb6 26. Kd2 Ba6 27. Bc2 Kf7 28. Bb3 Rb4 29. Bc2 {The position is equal.} Rb6 30. Bb3 Rb4 31. Bc2 {Accuracy: White = 86%, Black = 83%.} 1/2-1/2

[Event "Portugal Open 2020"]
[Site "Lisbon"]
[Date "2020.01.31"]
[Round "8.22"]
[White "Napoli, Nicolo"]
[Black "Fidalgo, Daniel Neves"]
[Result "1-0"]
[WhiteElo "2333"]
[BlackElo "2076"]
[Annotator "TA"]
[PlyCount "83"]
[EventDate "2020.01.25"]
[EventType "swiss"]
[EventCountry "POR"]
[SourceTitle "playchess.com"]
[Source "ChessBase"]
[SourceQuality "1"]

{[%evp 13,83,8,18,0,20,14,21,16,22,20,20,26,45,34,63,67,58,33,31,38,37,12,78,29,33,15,31,0,0,0,0,0,11,19,51,55,89,95,91,94,95,91,106,106,150,145,141,143,152,131,466,469,487,472,625,625,793,767,1139,1107,1077,892,888,875,866,855,813,731,1247,1222,29998,29999]} 1. Nf3 Nf6 2. g3 g6 3. Bg2 Bg7 4. O-O O-O 5. c4 d5 6. cxd5 Nxd5 7. Nc3 Nb6 8. b3 {A16: English Opening: 1...Nf6 with ...d5} Nc6 9. Bb2 e5 10. d3 {The position is equal.} a5 11. Nd2 Nd4 12. Nc4 Nxc4 13. dxc4 {[#]} Rb8 $146 ({Predecessor:} 13... c6 14. e3 Nf5 15. Ba3 Re8 16. Qe2 Be6 17. Rad1 Qc7 18. Rd2 Red8 19. Rfd1 h5 {0-1 (50) De Val,D (2220)-Bensch,P (2175) Trieste 2011}) 14. e3 Ne6 15. Qe2 f5 16. Rfd1 Qe8 17. Rd2 c6 (17... e4 $11 {remains equal.}) 18. Rad1 e4 19. Rc2 Qe7 20. Rdd2 Bd7 21. Qd1 $36 {[%mdl 2048] White has good play.} Rfd8 22. Qc1 Be8 23. Ba3 Qf6 24. Bd6 $1 Rxd6 25. Rxd6 Bf8 26. Rd1 g5 27. Bf1 Bh5 28. Be2 Bxe2 29. Nxe2 ({Don't play} 29. Rxe2 g4 $16) 29... Nc5 30. Rcd2 Re8 31. Qc3 Qe7 $2 {[%mdl 8192] [#]} (31... Qxc3 $16 {is more resistant.} 32. Nxc3 Nd3) 32. Qxa5 $18 f4 33. gxf4 gxf4 34. Nxf4 Qh4 35. Kh1 Re5 36. Rg1+ Rg5 37. Rdd1 Kf7 38. Qc7+ Be7 39. Rxg5 Qxg5 40. Rg1 Qh4 41. Qe5 Nd3 42. Qe6+ {Accuracy: White = 86%, Black = 56%.} 1-0

[Event "Portugal Open 2020"]
[Site "Lisbon"]
[Date "2020.01.31"]
[Round "8.23"]
[White "Risting, Eivind Olav"]
[Black "Fernandes, Ricardo Paulos"]
[Result "1-0"]
[WhiteElo "2306"]
[BlackElo "2100"]
[Annotator "TA"]
[PlyCount "79"]
[EventDate "2020.01.25"]
[EventType "swiss"]
[EventCountry "POR"]
[SourceTitle "playchess.com"]
[Source "ChessBase"]
[SourceQuality "1"]

{[%evp 15,79,60,69,63,71,68,68,63,73,57,68,51,60,21,37,43,46,58,85,0,0,15,51,49,128,107,125,107,115,113,108,91,106,88,96,86,91,86,99,100,99,93,93,95,114,116,115,102,102,93,103,115,139,145,205,148,334,381,849,805,860,761,1041,1098,2734,2690]} 1. d4 Nf6 2. c4 g6 3. Nc3 Bg7 4. e4 d6 5. h3 O-O 6. Be3 Nbd7 7. Nf3 e5 8. d5 Qe7 9. g4 {E90: King's Indian: Classical: Early deviations and 6 h3} Nc5 10. Nd2 a5 11. Be2 {White is slightly better.} Ne8 12. h4 f5 13. gxf5 gxf5 {[#]} 14. exf5 $146 ({Predecessor:} 14. h5 f4 15. Bxc5 dxc5 16. Bg4 Nd6 17. Bxc8 Raxc8 18. Qf3 Nf7 19. O-O-O Kh8 20. Rdg1 {1-0 (43) Simantsev,M (2486)-Ivanishen,Y (2033) Lutsk 2018}) 14... Bxf5 15. Nf1 Nf6 16. Ng3 Bd7 {[#]} 17. Rg1 ({Better is} 17. h5 $1 $16 {[%cal Rh5h6]} h6 18. Qd2) 17... Kh8 $11 18. h5 {Threatens to win with h6.} h6 19. Qd2 Ng8 (19... Nh7 $14) 20. O-O-O b6 21. Nge4 Bf5 22. Nxc5 bxc5 23. Bg4 a4 24. Bxf5 Rxf5 25. a3 Raf8 26. Rg6 Rxh5 27. Rdg1 ({Don't play} 27. Nxa4 $6 Bf6 $11) 27... Rf7 28. Nxa4 Rh4 29. Qe2 Qd7 30. Nc3 $36 {[%mdl 2048] Black is under strong pressure.} Ne7 31. R6g4 Rxg4 32. Qxg4 Nf5 33. Kb1 Qc8 34. Ne4 Qf8 (34... Qd7 $16 35. Rh1 Nxe3 36. Qxd7 Rxd7 37. fxe3 Kg8) 35. Bc1 Nd4 $2 (35... Qg8 $16 36. Rh1 Qh7) 36. Rh1 $18 Rf4 $2 (36... Rf3 37. Bxh6 Bxh6) 37. Bxf4 {White is clearly winning.} exf4 38. Qg6 Nf3 {[#]} 39. Nf6 $1 {[%csl Gf6][%cal Rg6h7][%mdl 512]} Ng5 (39... Qxf6 40. Rxh6+) 40. Qxg5 {Accuracy: White = 90%, Black = 59%.} 1-0

[Event "Portugal Open 2020"]
[Site "Lisbon"]
[Date "2020.01.31"]
[Round "8.24"]
[White "Correia, Mario"]
[Black "Chkhaidze, Nikoloz"]
[Result "1/2-1/2"]
[WhiteElo "2133"]
[BlackElo "2288"]
[Annotator "TA"]
[PlyCount "51"]
[EventDate "2020.01.25"]
[EventType "swiss"]
[EventCountry "POR"]
[SourceTitle "playchess.com"]
[Source "ChessBase"]
[SourceQuality "1"]

{[%evp 17,51,0,0,-2,2,2,0,0,-5,-11,0,-24,42,51,35,19,50,39,64,16,14,14,25,20,23,12,176,202,184,34,62,0,178,0,0,0]} 1. e4 e5 2. Nf3 Nc6 3. d4 exd4 4. Nxd4 Nf6 5. Nxc6 bxc6 6. e5 Qe7 7. Qe2 Nd5 8. c4 Nb6 9. b3 Qe6 10. g3 {C45: Scotch Game} Bb4+ 11. Bd2 a5 12. Bg2 O-O 13. O-O d5 14. a3 (14. cxd5 {is interesting.} cxd5 15. Re1 Nd7 16. Nc3 c6 17. Na4) 14... Bxd2 (14... Bc5 $11) 15. Nxd2 $14 {[%cal Bb1d2,Bd2f3,Bf3d4,Bd4f5][%mdl 32]} Ba6 {[#]} 16. Rfc1 $146 ({Predecessor:} 16. Rac1 a4 17. Rfe1 axb3 18. cxd5 cxd5 19. Qd1 b2 20. Rxc7 Rac8 21. Rc2 Nc4 22. Nxc4 dxc4 23. Rxb2 {½-½ (98) Rewitz,P (2205)-Christensen,B Denmark 1991}) 16... f6 17. f4 Rfe8 18. Nf3 {next cxd5 is good for White.} Qf7 19. Qb2 $36 {[%mdl 2048] White has some pressure.} dxc4 20. exf6 gxf6 21. Nd4 c5 $2 (21... cxb3 $11 22. Qxb3 (22. Bxc6 a4 $11) 22... Bc4) 22. Nf5 $18 {[%mdl 1024] [#] Strongly threatening Nh6+. White has strong compensation.} Qe6 23. Bh3 (23. Bxa8 $18 Qxf5 24. Bg2) 23... Qc6 24. Bg2 (24. Nh6+ $1 $14 Kg7 25. Bg2 {[%mdl 64] Skewer}) 24... Qe6 25. Bh3 $2 ({White must play} 25. Bxa8 $18 Qxf5 26. Bg2) 25... Qc6 $11 26. Bg2 {Accuracy: White = 72%, Black = 67%.} 1/2-1/2

[Event "Portugal Open 2020"]
[Site "Lisbon"]
[Date "2020.01.31"]
[Round "8.25"]
[White "Maloberti, David"]
[Black "Grabuzova, Tatiana"]
[Result "1/2-1/2"]
[WhiteElo "2017"]
[BlackElo "2284"]
[Annotator "TA"]
[PlyCount "79"]
[EventDate "2020.01.25"]
[EventType "swiss"]
[EventCountry "POR"]
[SourceTitle "playchess.com"]
[Source "ChessBase"]
[SourceQuality "1"]

{[%evp 9,79,7,19,-10,-9,-20,-18,-15,8,6,12,10,20,14,34,37,43,1,45,23,48,45,94,10,15,8,0,6,14,-54,-47,-87,0,0,1,0,12,10,0,0,73,16,62,0,73,31,82,39,39,39,110,106,107,82,95,10,10,0,0,0,0,0,0,0,0,0,0,0,0,0,0,0]} 1. d4 e6 2. c4 f5 3. Nf3 Nf6 4. Nc3 Bb4 5. Qb3 a5 {[%cal Ba7a5,Ba5a4][%mdl 32]} 6. a3 {A85: Dutch Defence: 2 c4 Nf6 3 Nc3} a4 7. Qc2 ({But not} 7. axb4 axb3 8. Rxa8 Nc6 $17) 7... Bxc3+ $1 8. Qxc3 Ne4 9. Qc2 d6 (9... Nc6 {feels hotter.} 10. e3 O-O 11. Nd2 Nf6 12. Be2 e5) 10. Nd2 Nxd2 11. Bxd2 {[#]} Nc6 $146 ({Predecessor:} 11... e5 12. dxe5 dxe5 13. g3 O-O 14. Bg2 c5 15. Bd5+ Kh8 16. Bc3 Qe7 17. O-O-O Nc6 {1-0 (62) Bugaj,M (2028)-Dziadykiewcz,T (2050) Poznan 2004}) 12. Bc3 e5 13. d5 Ne7 14. O-O-O O-O 15. e3 Ng6 16. Be2 (16. h4 $16) 16... f4 $11 17. Bd3 fxe3 18. fxe3 Qg5 19. Qd2 (19. h4 $1 $11 Qh5 20. Rdf1) 19... Bf5 $15 20. e4 Qxd2+ (20... Nf4 $1 $17 {[%cal Rf4d3]} 21. Kb1 Bg6) 21. Bxd2 Bg4 22. Rdf1 Nh4 23. Rhg1 Rxf1+ 24. Bxf1 Rf8 {[#]} (24... b6 $11) 25. Be3 (25. c5 $1 $16 {[%mdl 512]}) 25... Ng6 26. g3 (26. c5 $14) 26... Ne7 (26... b6 $11) 27. Kd2 Nc8 ({Black should play} 27... b6 $14) 28. Be2 Bxe2 29. Kxe2 $14 {[%mdl 4096] Endgame KRB-KRN} Nb6 (29... b6 $14) 30. Rc1 Nd7 31. c5 Nf6 {[#]} 32. cxd6 ({Better is} 32. Rc4 $1 $16) 32... cxd6 $11 {The position is equal.} 33. Rc7 Nxe4 34. Rxb7 Nf6 35. Rb6 Nxd5 36. Rxd6 Nxe3 37. Kxe3 Rb8 38. Rd2 Kf7 39. Ke4 Ke6 40. Rc2 {Accuracy: White = 56%, Black = 73%.} 1/2-1/2

[Event "Portugal Open 2020"]
[Site "Lisbon"]
[Date "2020.01.31"]
[Round "8.26"]
[White "Xu, Yang"]
[Black "Fidalgo, Andre Neves"]
[Result "0-1"]
[WhiteElo "2359"]
[BlackElo "2282"]
[Annotator "TA"]
[PlyCount "72"]
[EventDate "2020.01.25"]
[EventType "swiss"]
[EventCountry "POR"]
[SourceTitle "playchess.com"]
[Source "ChessBase"]
[SourceQuality "1"]

{[%evp 9,72,10,21,-1,7,-1,7,7,32,-1,10,15,27,26,35,24,83,54,111,72,136,124,93,119,136,108,110,129,104,106,101,-16,-20,-24,152,-19,591,-19,-19,-20,-33,-39,-34,-35,-29,-19,-44,-22,-33,-87,0,0,0,-188,-94,-291,-269,-297,-279,-351,-289,-354,-252,-437,-418]} 1. e4 c5 2. d3 g6 3. g3 Bg7 4. Bg2 Nc6 5. c3 Nf6 6. Be3 {B20: Sicilian: Unusual White 2nd moves} d6 7. h3 Rb8 8. Ne2 {[#] The position is equal.} Bd7 $146 ({Predecessor:} 8... O-O 9. O-O b6 10. f4 Bb7 11. g4 e6 12. Nd2 Ne8 13. Nf3 f5 14. Ng3 fxe4 15. dxe4 {1-0 (53) Cofre Archibold,N (2215)-Acosta,P (2380) Guatape 2016}) 9. Qd2 h5 10. d4 b6 11. Na3 Qc8 12. Rd1 Qa6 (12... O-O $11 {keeps the balance.}) 13. O-O {Threatens to win with e5!} Qc8 (13... Rc8 $14) 14. Kh2 h4 (14... O-O $142) 15. g4 $16 Bxg4 16. hxg4 Nxg4+ {[#]} 17. Kh1 $1 h3 18. Bf3 Nge5 19. dxe5 Nxe5 20. Ng1 (20. Nf4 $16 {aiming for Be2.} Nxf3 21. Qe2) 20... h2 $11 21. Bg2 $1 ({Not} 21. Qe2 $2 hxg1=N+ 22. Kxg1 Qh3 $19) 21... hxg1=Q+ 22. Kxg1 {And now f4 would win.} Nf3+ $1 23. Bxf3 Qh3 $40 {[%csl Gh8][%cal Rh3h2][%mdl 128] [#] Black has some attack.} 24. Bh5 $1 Rxh5 {[%csl Gh5][%cal Rh3h2]} 25. f3 Qh1+ 26. Kf2 Rh2+ 27. Ke1 $1 Rxd2 28. Rxh1 Rxb2 29. Nb1 ({White should try} 29. Rh7 $1 $15 Bxc3+ 30. Bd2 Rxd2 31. Rxd2) 29... Rxa2 (29... Kd7 $17 30. a3 Ke6) 30. Rh7 Kd7 31. Bd2 $2 (31. Rxg7 $11 Rh8 32. Rd2 Rxd2 33. Nxd2) 31... Rg8 (31... Rh8 $19 32. Rxh8 (32. Rxg7 $2 Ke8 $19) 32... Bxh8) 32. Ke2 $2 (32. c4 $17 {might work better.}) 32... b5 $19 33. f4 a5 34. Kf3 Kc6 35. f5 Bf6 36. Rg1 $2 (36. Rxf7 gxf5 37. exf5) 36... a4 {Played: Ra2-a1} 0-1